MARC

LEADER 00000nam0a2200000 4500
001 81447
005 20231031095147.0
035 |a (RuTPU)RU\TPU\book\87547 
090 |a 81447 
100 |a 20050920d1978 km y0rusy50 ca 
101 0 |a rus 
102 |a RU 
105 |a a z 001zy 
200 1 |a Производство уксусной кислоты  |f Г. М. Фролов, М. А. Шабуров 
205 |a 3-е изд., перераб. 
210 |a Москва  |c Лесная промышленность  |d 1978 
215 |a 240 с.  |c ил. 
320 |a Библиогр.: с. 234-236 
610 1 |a химическая технология 
610 1 |a уксусная кислота 
610 1 |a производство 
610 1 |a свойства 
610 1 |a лесохимическая промышленность 
610 1 |a ректификационные аппараты 
610 1 |a синтетические методы 
610 1 |a биохимические методы 
675 |a 661.731  |v 3 
700 1 |a Фролов  |b Г. М.  |g Геннадий Матвеевич 
701 1 |a Шабуров  |b М. А.  |g Михаил Алексеевич 
801 1 |a RU  |b 63413507  |c 20050920  |g PSBO 
801 2 |a RU  |b 63413507  |c 20060720  |g PSBO 
942 |c BK